000 00893cam a2200265 a 4500
999 _c7160
_d7160
001 2962094
003 GZU
005 20210505115552.0
008 911125s1992 nyua b 001 0 eng
010 _a 91042817
020 _a013284902X
040 _aDLC
_cDLC
_dDLC
050 0 0 _aHD62.15
_b.B36 1992
082 0 0 _a658.5/62
_220
100 1 _aBank, John.
245 1 4 _aThe essence of total quality management /
_cJohn Bank.
260 _aNew York :
_bPrentice Hall,
_c1992.
300 _axviii, 203 p. :
_bill. ;
_c23 cm.
440 4 _aThe essence of management series
504 _aIncludes bibliographical references and index.
650 0 _aTotal quality management.
906 _a7
_bcbc
_corignew
_d1
_eocip
_f19
_gy-gencatlg
942 _2lcc
_cBK
_h62.15
_iBAN
_kHD
_m1992